Представление документа в формате RUSMARC

ПолеНазваниеЗначение
  Тип записи a
  Библиографический уровень a
001 Контрольный номер 4a4a44989c70404c8158fa22e38296a8
005 Дата корректировки 20260519125213.5
100 Данные общей обработки __
a Данные общей обработки 20260519 ||| 0rusy0189 ca
101 Язык документа 0_
a Язык текста rus
102 Страна публикации __
a Страна публикации RU
200 Заглавие и сведения об ответственности 1_
a Заглавие Космические псы
e Сведения, относящиеся к заглавию [в прокат вышел фильм "Моя собака - космонавт", о съёмочном процессе, работе собак в кадре]
461 Уровень набора _0
1 2000
a Тошка и компания
463 Уровень физической единицы _0
1 2000
a № 4
v С. 28-29 : фот.
1 2101
d 2026
1 0018e0774c070974230b50f54bf0260ef77
600 Персоналии _1
a Персоналии (Фамилия) Калихов
g Полное имя Дмитрий
606 Тематические рубрики 0_
a Основная рубрика Киноискусство России. Жизнь и деятельность артистов и режиссёров
610 Ключевые слова 0_
a Ключевые слова киноискусство России, российское кино, Моя собака - космонавт, российские фильмы, собаки в кино, дрессировка собак, дети-актёры, собаки-актёры, Белка и Стрелка (собаки), фильмы о космосе, семейное кино
686 Индексы других классификаций __
a Классификационный индекс 85.373(2)
801 Источник записи _0
a Страна RU
b Организация УОБДЮ
c Дата составления 20260519
g Правила каталогизации RCR
801 Источник записи _1
a Страна RU
b Организация УОБДЮ
c Дата составления 20260519
g Правила каталогизации RCR
901 Тип документа __
t Тип документа b
w Контрольный № источника 8e0774c070974230b50f54bf0260ef77
905 Данные по созданию БЗ __
b Логин пользователя, который создал БЗ ibo3